000 00625nam a2200229Ia 4500
005 20260429111900.0
008 260429s9999||||xx |||||||||||||| ||und||
020 _a9789390680726
041 _aEnglish
082 _a294.3
_bBUR
100 _aBurlingame, Eugene Watson
245 0 _aBuddhist parables /
_cEugene Watson Burlingame
260 _aJaipur :
_bHilltop Publications,
_c2024.
300 _axxxi, 348 p.; hb
650 _a Buddhist literature
650 _a Buddhist philosophy
650 _a Moral stories
650 _a Parables
650 _a Religious teachings
650 _aBuddhism
942 _cTB
999 _c51256
_d51256